Karawan e Sarae (Record no. 530814)
[ view plain ]
| 000 -LEADER | |
|---|---|
| fixed length control field | 00208nam a2200097 4500 |
| 040 ## - CATALOGING SOURCE | |
| Transcribing agency | DLC |
| 082 ## - DEWEY DECIMAL CLASSIFICATION NUMBER | |
| Classification number | 891.43 |
| Author Mark | TAR |
| 100 ## - MAIN ENTRY--PERSONAL NAME | |
| Personal name | Tarar, Mustansar Hussain |
| 9 (RLIN) | 3135 |
| 245 ## - TITLE STATEMENT | |
| Title | Karawan e Sarae |
| 942 ## - ADDED ENTRY ELEMENTS (KOHA) | |
| Source of classification or shelving scheme | |
| Koha item type | Book |
| Withdrawn status | Lost status | Source of classification or shelving scheme | Damaged status | Not for loan | Permanent Location | Current Location | Date acquired | Total Checkouts | Full call number | Barcode | Date last seen | Date last checked out | Price effective from | Koha item type |
|---|---|---|---|---|---|---|---|---|---|---|---|---|---|---|
| School of Civil and Environmental Engineering (SCEE) | School of Civil and Environmental Engineering (SCEE) | 10/14/2019 | 2 | 891.43 TAR | NIT-9774 | 11/03/2023 | 10/31/2023 | 10/14/2019 | Book |
